| 000 | 00770nam a2200229Ia 4500 | ||
|---|---|---|---|
| 999 |
_c36003 _d36003 |
||
| 001 | 1902 | ||
| 003 | GE_BSU | ||
| 005 | 20221010161145.0 | ||
| 008 | 181216s2005ru xx |||||||||||||| ||rus|| | ||
| 020 | _a5902357306 | ||
| 040 | _cGE_BSU | ||
| 041 | _arus | ||
| 080 | _a347(075.8) Г-67 | ||
| 100 |
_aГорбачева, Л.Н. _915203 |
||
| 245 |
_aГражданское право: _bУчебное пособие для вузов / _cЛ.Н. Горбачева. |
||
| 264 |
_aМосква : _bАкадемический проект фонд ,,мир, _c2005 |
||
| 300 | _a800 с. | ||
| 653 | _aГражданское право | ||
| 653 | _aᲡამოქალაქო სამართალი | ||
| 653 | _aსამართალი | ||
| 942 |
_cBK _2udc |
||